| 000 | 01140cam a2200385 a 4500 | ||
|---|---|---|---|
| 001 | 624785 | ||
| 003 | OSt | ||
| 005 | 20170105113122.0 | ||
| 008 | 880216s1987 nyub b 001 0 eng | ||
| 010 | _a 87009690 | ||
| 020 |
_a0394546741 : _c$24.95 |
||
| 035 | _a(OCoLC)15594794 | ||
| 035 | _a(OCoLC)ocm15594794 | ||
| 035 | _a(CStRLIN)NYCG88-B10486 | ||
| 035 | _a(NNC)624785 | ||
| 040 |
_dCMen _dCBu _cC |
||
| 050 | 0 |
_aD210 _b.K46 1988 |
|
| 082 | 0 |
_a909.82 _219 |
|
| 090 |
_aD210 _b.K46 1987 |
||
| 100 | 1 |
_aKennedy, Paul M., _d1945- |
|
| 245 | 1 | 4 |
_aThe rise and fall of the great powers : _beconomic change and military conflict from 1500 to 2000 / _cby Paul Kennedy. |
| 250 | _a1st ed. | ||
| 260 |
_aNew York : _bRandom House, _cc1987. |
||
| 300 |
_axxv, 677 p. : _bmaps ; _c25 cm. |
||
| 500 | _aIncludes index. | ||
| 504 | _aBibliography: p. 625-662. | ||
| 650 | 0 | _aHistory, Modern. | |
| 650 | 0 | _aEconomic history. | |
| 650 | 0 | _aMilitary history, Modern. | |
| 650 | 0 |
_aMilitary weapons _xEconomic aspects. |
|
| 650 | 0 | _aBalance of power. | |
| 942 |
_2ddc _cBK |
||
| 948 | 2 |
_a20100712 _ba _csds12 _dMPS |
|
| 999 |
_c34088 _d34088 |
||